书目信息 |
| 题名: |
企业事故应急救援与预案编制技术
|
|
| 作者: | 邢娟娟 主编 | |
| 分册: | ||
| 出版信息: | 北京 气象出版社 2008.04 |
|
| 页数: | 284页 | |
| 开本: | 26cm | |
| 丛书名: | ||
| 单 册: | ||
| 中图分类: | X928.02 | |
| 科图分类: | ||
| 主题词: | 企业--qi ye--事故--应急系统--方案制定 | |
| 电子资源: | ||
| ISBN: | 978-7-5029-4480-3 | |
| 000 | 00918nam0 2200241 450 | |
| 001 | 012008236990 | |
| 005 | 20080627082820.70 | |
| 010 | @a978-7-5029-4480-3@dCNY42.00 | |
| 100 | @a20080626d2008 em y0chiy0120 ea | |
| 101 | 0 | @achi |
| 102 | @aCN@b110000 | |
| 105 | @aak a 000yy | |
| 106 | @ar | |
| 200 | 1 | @a企业事故应急救援与预案编制技术@Aqi ye shi gu ying ji jiu yuan yu yu an bian zhi ji shu@f邢娟娟主编@Fxing juan juan zhu bian |
| 210 | @a北京@c气象出版社@d2008.04 | |
| 215 | @a284页@c图@d26cm | |
| 320 | @a有书目 (第283-284页) | |
| 330 | @a本书中介绍了企业应急预案的培训与演练以及应急指挥系统的建立与设置。本书实用性和可操作性较强,能帮助企业的应急预案编制人员编制并更新一套能够适应各种危险、可行的应急预案版本。 | |
| 606 | 0 | @a企业@Aqi ye@x事故@x应急系统@x方案制定 |
| 690 | @aX928.02@v4 | |
| 701 | 0 | @a邢娟娟@Axing juan juan@4主编 |
| 801 | 0 | @aCN@bQSSK@c20080627 |
| 905 | @b729533-35@dX928.02@eX608@f3 | |
| 企业事故应急救援与预案编制技术/邢娟娟主编.-北京:气象出版社,2008.04 |
| 284页:图;26cm |
| ISBN 978-7-5029-4480-3:CNY42.00 |
| 本书中介绍了企业应急预案的培训与演练以及应急指挥系统的建立与设置。本书实用性和可操作性较强,能帮助企业的应急预案编制人员编制并更新一套能够适应各种危险、可行的应急预案版本。 |
| ● |
| 相关链接 |
|
|
|
正题名:企业事故应急救援与预案编制技术
索取号:X928.02/X608
 
预约/预借
| 序号 | 登录号 | 条形码 | 馆藏地/架位号 | 状态 | 备注 |
| 1 | 729533 | 207295336 | 自科库501/501自科库 120排2列2层/ [索取号:X928.02/X608] | 在馆 | |
| 2 | 729534 | 207295345 | 自科库501/501自科库 120排2列2层/ [索取号:X928.02/X608] | 在馆 | |
| 3 | 729535 | 207295354 | 市政与环境工程学院资料室/501自科库 120排2列2层/ [索取号:X928.02/X608] | 在馆 |